00978nam a2200241Ia 4500001000700000003000500007008004100012010001100053020009500064040000900159082002100168100002800189245016800217246003900385250001100424260005500435300001600490500007400506503003400580504003500614650005400649700003300703Z_6970CHAP220113s2015 xx 000 0 und d a170228 a978-0-292-72092-3 (tela : papel alcalino) \ 978-0-292-72091-6 (rústica : papel alcalino) cCHAP a598.07234728 E39 aEdwards, Ernest Preston aA field guide to the birds of Mexico and adjacent areas : Belize, Guatemala and El Salvador /cErnest Preston Edwards ; ilustrador principal Edward Murrell Butler aBirds of Mexico and adjacent areas a3a ed. aAustin, Texas :bUniversity of Texas Press,c2015 axxi, 209 p. aRevisión de la 2a ed. de: Field guide to the birds of Mexico, 1989. aej.1: consumo \ ej.2: consumo aBibliografía: p. [191] - 193 aAves xx América Central xx Identificación aMurrell Butler, Edwards, il.